000 00850nam a2200217 a 4500
003 0
005 20250315102218.0
008 071127s19uu xx 00 eng d
050 _aPGS GV 1469.3.S78
_b.M678 2007
100 _aMisa, Jonas Daniel D.
245 _aEffects of playing video games on the study habits of grade six students /
_cJonas Daniel D. Misa.
260 _aLas PiƱas City, Philippines :
_bSouthville International School and Colleges,
_c2007.
300 _a27 pages :
_billustrations ;
_c28 cm.
504 _aIncludes bibliographical references.
650 _aVideo games
_vPsychological aspects.
650 _aVideo games
_vSocial aspects.
650 _aStudy skills
_vElementary students.
650 _aAcademic achievement
_vInfluences.
650 _aEducation
_vEffect of technological innovations on.
942 _2lcc
_cPASS
999 _c97749
_d97749